<?xml version="1.0" encoding="UTF-8"?><?xml-stylesheet type="text/xsl" href="static/style.xsl"?><OAI-PMH xmlns="http://www.openarchives.org/OAI/2.0/" xmlns:xsi="http://www.w3.org/2001/XMLSchema-instance" xsi:schemaLocation="http://www.openarchives.org/OAI/2.0/ http://www.openarchives.org/OAI/2.0/OAI-PMH.xsd"><responseDate>2026-04-17T18:40:57Z</responseDate><request verb="GetRecord" identifier="oai:www.recercat.cat:2445/221641" metadataPrefix="marc">https://recercat.cat/oai/request</request><GetRecord><record><header><identifier>oai:recercat.cat:2445/221641</identifier><datestamp>2025-12-05T12:59:34Z</datestamp><setSpec>com_2072_1057</setSpec><setSpec>col_2072_478854</setSpec><setSpec>col_2072_478917</setSpec></header><metadata><record xmlns="http://www.loc.gov/MARC21/slim" xmlns:dcterms="http://purl.org/dc/terms/" xmlns:xsi="http://www.w3.org/2001/XMLSchema-instance" xmlns:doc="http://www.lyncode.com/xoai" xsi:schemaLocation="http://www.loc.gov/MARC21/slim http://www.loc.gov/standards/marcxml/schema/MARC21slim.xsd">
   <leader>00925njm 22002777a 4500</leader>
   <datafield ind2=" " ind1=" " tag="042">
      <subfield code="a">dc</subfield>
   </datafield>
   <datafield ind2=" " ind1=" " tag="720">
      <subfield code="a">Rovira i Marquès, Maria del Mar</subfield>
      <subfield code="e">author</subfield>
   </datafield>
   <datafield ind2=" " ind1=" " tag="260">
      <subfield code="c">2025-06-18T17:07:24Z</subfield>
   </datafield>
   <datafield ind2=" " ind1=" " tag="260">
      <subfield code="c">2025-06-18T17:07:24Z</subfield>
   </datafield>
   <datafield ind2=" " ind1=" " tag="260">
      <subfield code="c">2015</subfield>
   </datafield>
   <datafield ind2=" " ind1=" " tag="260">
      <subfield code="c">2025-06-18T17:07:24Z</subfield>
   </datafield>
   <datafield ind2=" " ind1=" " tag="520">
      <subfield code="a">[cat] L'any 1725 el Reial Cos d'Enginyers Militars va emprendre la projecció d'uns quarters permanents per a la ciutat de Tortosa que es convertirien en la intervenció arquitectònica i militar més important duta a terme a la localitat durant la primera meitat del segle XVIII. Partint d'una tipologia de gran afinitat i similitud amb els criteris seguits per altres sistemes quarterers europeus, aquest article pretén proposar una nova lectura en relació al seu procés d'edificació i als motius que van fer perllongar fins al 1751 el seu obratge, a través de l'estudi d'un seguit de notícies inèdites sobre la seva construcció.</subfield>
   </datafield>
   <datafield ind2=" " ind1=" " tag="520">
      <subfield code="a">[eng] In  1725,  the  Spanish  Royal  Corps  of  Military  Engineers  commissioned  the construction  project  of  the  permanent  quarters  for  the  garrison  confined  within the city walls of Tortosa, which became the most important military construction work  undertaken  in  this  place  during  the  first  half  of  the  eighteenth  century. Based on a «barrack-type» that had great affinity and similarity with the quarter’s system of some European Countries, this paper aims to offer new aspects about the  building  process  to  consider  the  reasons  that  lengthened  the  construction progress up to 1751, by analysing a series of unpublished news about this work.</subfield>
   </datafield>
   <datafield tag="653" ind2=" " ind1=" ">
      <subfield code="a">Cartografia urbana</subfield>
   </datafield>
   <datafield tag="653" ind2=" " ind1=" ">
      <subfield code="a">Arquitectura militar</subfield>
   </datafield>
   <datafield tag="653" ind2=" " ind1=" ">
      <subfield code="a">Enginyers militars</subfield>
   </datafield>
   <datafield tag="653" ind2=" " ind1=" ">
      <subfield code="a">Tortosa (Catalunya)</subfield>
   </datafield>
   <datafield tag="653" ind2=" " ind1=" ">
      <subfield code="a">Urban cartography</subfield>
   </datafield>
   <datafield tag="653" ind2=" " ind1=" ">
      <subfield code="a">Military architecture</subfield>
   </datafield>
   <datafield tag="653" ind2=" " ind1=" ">
      <subfield code="a">Military engineers</subfield>
   </datafield>
   <datafield tag="653" ind2=" " ind1=" ">
      <subfield code="a">Tortosa (Catalonia)</subfield>
   </datafield>
   <datafield ind2="0" ind1="0" tag="245">
      <subfield code="a">La projecció i construcció dels quarters militars de Tortosa al segle XVIII</subfield>
   </datafield>
</record></metadata></record></GetRecord></OAI-PMH>